A criança dos 0 aos 5 anos (Registo nº 191)

Detalhes MARC
000 -Etiqueta do registo
Valores 00701nam a22002051i 4500
090 ## -
-- 191
100 ## - Dados gerais de processamento
Dados gerais 20170304u u u0frey50 ba
101 1# - Língua de publicação
-- por
-- eng
200 1# - Titulo e menção de responsabilidade
Primeira menção de responsabilidade Arnold Gesell
Título próprio A criança dos 0 aos 5 anos
Informação de outro título o bebé e a criança na cultura dos nossos dias
215 ## - Descrição física 
Paginação / Volumes 379, [5] p.
Dimensões 24 cm
210 ## - Publicação
Nome do editor Dom Quixote
Local de publicação Lisboa
Data de publicação 1979
225 2# - Colecção 
Título próprio da colecção Conhecer a criança
Indicação de volume 2
410 #0 -
-- Conhecer a criança
702 #1 - Autor secundário (pessoa individual)
Apelido Reis
Nome Cardigos dos
-- 730
701 #1 - Co-autor principal (pessoa individual)
Apelido Ames
Nome Louise Bates
-- 070
701 #1 - Co-autor principal (pessoa individual)
Apelido Ilg.
Nome Frances L.
-- 070
Datas 1902-
700 #1 - Autor principal (pessoa individual)
Apelido Gesell
Nome Arnold
-- 070
Datas 1880-1961
996 ## - ISO2709
-- 0000216
-- GES
-- 00000000
-- 00000000
-- BMVA
-- 1
-- Viana do Alentejo
-- Psicologia
-- 25
-- Livro
-- 0
-- 1
990 ## - Elementos KOHA
Tipo de documento Livro
Exemplares
Situação do levantamento Estado Biblioteca de origem Biblioteca de empréstimo Código de barras Cota Permissão de empréstimo Tipo de documento Nota relativa ao exemplar
  Completo Biblioteca Municipal de Viana Do Alentejo Biblioteca Municipal de Viana Do Alentejo 0000218 159.9 GES Disponível Livro Depósito - Caixa 33 VNT




Powered by Koha